Catálogo
 En Linea

Los ismos políticos contemporáneos : (Registro nro. 34367)

Detalles MARC
000 -CABECERA
campo de control de longitud fija 00943nam a2200217 a 4500
001 - NÚMERO DE CONTROL
campo de control 000034876
005 - FECHA Y HORA DE LA ÚLTIMA TRANSACCIÓN
campo de control 20200930073946.0
008 - DATOS DE LONGITUD FIJA--INFORMACIÓN GENERAL
campo de control de longitud fija 111021s1961 es 000 0 spa d
040 ## - FUENTE DE LA CATALOGACIÓN
Centro catalogador/agencia de origen DO-SdBNP
100 1# - ENTRADA PRINCIPAL--NOMBRE DE PERSONA
Nombre de persona Ebenstein, William
Fechas asociadas al nombre 1910-
9 (RLIN) 60427
240 10 - TÍTULO UNIFORME
Título uniforme Today is isms, communism,fasciam, capitaliam, socialiam
Lenguaje de la obra inglés
245 14 - MENCIÓN DE TÍTULO
Título Los ismos políticos contemporáneos :
Resto del título comunismo, fascismo, capitalismo, socialismo /
Mención de responsabilidad, etc. William Ebenstein ; prólogo de Manuel Jiménez de Parga.
260 ## - PUBLICACIÓN, DISTRIBUCIÓN, ETC.
Lugar de publicación, distribución, etc. Caracas [etc.] :
Nombre del editor, distribuidor, etc. Ariel,
Fecha de publicación, distribución, etc. 1961.
300 ## - DESCRIPCIÓN FÍSICA
Extensión 332 p. ;
Dimensiones 20 cm.
490 1# - MENCIÓN DE SERIE
Mención de serie Demos. Colección de Ciencia Política
504 ## - NOTA DE BIBLIOGRAFÍA, ETC.
Nota de bibliografía, etc. Incluye bibliografía
590 ## - NOTA LOCAL (RLIN)
Nota local Perteneció a la biblioteca personal de Juan Isidro Jimenes Grullón.
700 1# - PUNTO DE ACCESO ADICIONAL--NOMBRE DE PERSONA
Nombre de persona Jiménez de Parga Cabrera, Manuel,
Fechas asociadas al nombre 1929-
9 (RLIN) 60428
710 1# - PUNTO DE ACCESO ADICIONAL--NOMBRE DE ENTIDAD CORPORATIVA
Nombre de entidad corporativa o nombre de jurisdicción como elemento de entrada Universidad de Barcelona.
Unidad subordinada Seminario de Derecho Político
9 (RLIN) 60429
830 #0 - PUNTO DE ACCESO ADICIONAL DE SERIE-TÍTULO UNIFORME
Título uniforme Demos.Colección de Ciencia Política
9 (RLIN) 60430
Existencias
Estado de retiro Estado de pérdida Restricciones de uso No para préstamo Código de colección Localización permanente Ubicación/localización actual Ubicación en estantería Fecha de adquisición Número de inventario Total de préstamos Signatura topográfica completa Código de barras Fecha visto por última vez Precio válido a partir de Tipo de ítem Koha Nota pública
      Excluido de préstamo Monografías: Libros y Folletos General General En catalogación 21.10.2011 LF1   34876-10 25.06.2020 25.06.2020 No se presta Perteneció a la biblioteca personal de Juan Isidro Jimenes Grullón.

Con tecnología Koha